Budapest - George Ezra (Full Lyrics) - Statistics

General Stats
  • This quiz has been taken 94 times
  • The average score is 234 of 293
Answer Stats
Answer % Correct
a
98%
My
98%
my
98%
Budapest
97%
go
97%
I
95%
be
94%
You
94%
you
94%
all
92%
it
92%
It
92%
piano
92%
chest
91%
Give
91%
me
91%
on
91%
Golden
89%
good
89%
one
89%
treasure
89%
make
88%
reason
88%
beautiful
86%
change
86%
in
86%
of
86%
away
84%
grand
84%
hidden
84%
never
84%
this
84%
Why
84%
for
83%
I'd
83%
should
83%
house
81%
The
81%
the
81%
If
78%
if
78%
Oh
78%
leave
77%
will
77%
and
73%
And
73%
ooh
73%
Then
69%
then
69%
baby
66%
castillo
66%
To
66%
to
66%
But
63%
lose
59%
I'll
56%
may
55%
list
53%
believe
52%
goes
52%
stop
52%
hard
47%
just
47%
say
47%
land
45%
take
45%
up
45%
run
44%
words
44%
acres
42%
have
42%
many
42%
so
42%
hold
41%
hand
39%
understand
39%
artifacts
38%
don't
38%
friends
38%
They
38%
achieved
34%
family
34%
much
31%
fear
28%
they'll
27%
No matching quizzes found
Score Distribution
Percent of People with Each Score
Percentile by Number Answered
Your Score History
You have not taken this quiz